Ages and Eras Quiz - Statistics

General Stats
  • This quiz has been taken 9 times
  • The average score is 11 of 20
Answer Stats
Hint Dates Time Period % Correct
4) Period of European art, culture andscientific rebirth c 1300-1650 Renaissance
100%
7) Period of the 1920s when alcohol was banned 1920-1933 Prohibition
89%
8) Period of early civilization in Mesopotamiaand Egypt with the adaption of this metal 3300-1200 BC Bronze Age
78%
5) Early Medieval European period markedby the Roman collapse, invasions, and political upheaval c 470s-1000 Dark Ages
78%
14) Period of economic instability marked by theStock Market crash of 1929 1929-1939 Great Depression
78%
3) The socio-economical revitalizationof the Confederate states 1865-1877 Reconstruction
78%
2) Period of glacial coolingand colder global temperatures 2.6 million y/a Ice Age
67%
10) Marked by the breakup of Pangea and dinosaurslike the stegosaurus 201-145 million y/a Jurassic
67%
1) Period in Europe fromthe fall of the Roman empire to the 1400s c 500-1450 AD Middle Ages
67%
13) Period of the 1920s that saw the rise of jazz, art,speakeasies and cultural growth 1920-1929 Roaring Twenties
67%
16) Period of extraterrestrial exploration, including Sputnik and the Apollo missions c 1957-1980s Space Age
67%
6) US colonies fight for independence fromthe British empire 1776-1783 American Revolution
44%
17) Period of social and political changes in religion inEurope that saw the birth of Protestantism 1517-1648 Reformation
44%
11) Period during the American South marked by plantation economy and slave labor 1815-1860 Antebellum
33%
19) Characterized by rapid industrialization, economic growth,and urbanization, as defined by Mark Twain c 1870-1900 Gilded Age
33%
18) Period of early human settlement that saw the changefrom hunting/gathering to domestication of animals and farming c 10,000-2200 BC Neolithic Age
33%
9) Egyptian time period that saw massive construction like the Great Pyramids and the Sphinx 2700-2180 BC Old Kingdom
33%
12) Period of economic industrialization in Britain, markedby the telegraph, railroads, and urban expansion 1837-1901 Victorian
33%
15) European expansion of the globe that started worldtrade, marked by navigators like Columbus and Magellan 1400s-1650s Exploration Age
11%
20) Recent period that saw the boom of technology like thecomputer and world wide web 1970s-present Internet Age
11%
No matching quizzes found
Score Distribution
Percent of People with Each Score
Percentile by Number Answered
Your Score History
You have not taken this quiz